| 000 | 01034nas a2200265 i 4500 | ||
|---|---|---|---|
| 001 | 254958 | ||
| 003 | AGN | ||
| 005 | 20260317082502.0 | ||
| 007 | ta | ||
| 008 | 260316e2002 dr qn|||r||||||0| | spa d | ||
| 040 |
_aAGN _cDO-SdBNP _bspa _erda |
||
| 041 | _aspa | ||
| 245 |
_aMinisterio público : _brevista de la Procuraduría General de la República / _cProcuraduría General de la República. |
||
| 264 |
_aSanto Domingo, República Dominicana : _bProcuraduría General de la República, _c2002. |
||
| 300 |
_avolumen : _bilustraciones, fotografías ; _c28 cm. |
||
| 310 | _aTrimestral. | ||
| 336 |
_atexto _btxt _2rdacontent |
||
| 337 |
_asin mediación _bn _2rdamedia |
||
| 338 |
_avolumen _bnc _2rdacarrier |
||
| 362 | _aAño 5. No. 18, junio 2002. | ||
| 500 | _aCatalogación basada en el: Año 5. No. 18, junio 2002. | ||
| 650 |
_950120 _aProcuraduría General de la República _vPublicaciones periódicas _zRepública Dominicana |
||
| 856 |
_qURL _uwww.procuraduría.gov.do _yRecurso digital |
||
| 942 |
_2ddc _cISSUE |
||
| 999 |
_c60506 _d60506 |
||